000 00422nam a22001697a 4500
003 NUST - PNEC
005 20170116180831.0
008 150731b xxu||||| |||| 00| 0 eng d
020 _a0471937770
040 _cLIBRARY
082 _a515 WHI
100 _94642
_aWhipkey, Kenneth L.
245 _aThe power of calculus
_cKenneth L. Whipkey
260 _cc.1972
650 _94643
_aCalculus
_xME / MIS
942 _2ddc
_cBK
999 _c64029
_d64029